000
00298nam a2200121Ia 4500
008
210430s9999 xx 000 0 und d
020
_a
0-312-10370-10370-0
082
_a
327.58 M236C
100
_a
Hafeez Malik
_9
46512
245
_a
Central Asia
_c
Hafeez Malik
300
_a
337
942
_c
BK
_2
ddc
999
_c
565263
_d
565263